000 00957nam a2200241 a 4500
001 65596
003 BD-RjUL
005 20211209081437.0
008 170308r1970 ii a 000 0 eng d
035 _a(BD-RjUL)65726
040 _aDLC
_cDLC
_beng
_dBD-RjUL
041 1 _aeng
082 _223
_a956.015072
_bMAT 1970
100 0 _aMaulana, Minhāj-Uddin
_9194068
245 1 0 _aa general history of the Muhammadan dynasties of Asia :
_bincluding Hindustan; from A.H. 194 (810 A.D.) to A.H. 658 (1260 A.D.) and the irruption of the infidel Mughals into Islam /
_cMinhāj-Uddin Maulana, Abu Umar L'usman ; translated from original persian manuscripts by Major H. G. Raverty
260 _aNew Delhi :
_bMrs. Nirmal,
_c[Reprinted 1970].
300 _alxiv, 718 p. :
_bill. ;
_c22 cm.
650 _aIslamic Empire.
_9189343
700 _aL'usman, Abu Umar
_9194069
700 _aRaverty, Major H. G.
_9194070
942 _2ddc
_cBK
999 _c65596
_d65596